Chance The Rapper Charting Songs (Billboard Hot 100) - Statistics

General Stats
  • This quiz has been taken 40 times
    33 since last reset
  • The average score is 8 of 15
Answer Stats
Album Weeks On Peak Artist(s) Song % Correct
Grateful 22 Weeks #1 (1 Week) DJ Khaled ft. Justin Bieber, Quavo, Chance The Rapper & Lil Wayne I'm the One
90%
The Big Day 8 Weeks #58 Chance The Rapper ft. MadeInTYO & DaBaby Hot Shower
75%
Non-Album Single 25 Weeks #3 Justin Bieber ft. Chance The Rapper Holy
70%
Father of Asahd 15 Weeks #5 DJ Khaled ft. Justin Bieber, Chance The Rapper & Quavo No Brainer
70%
Coloring Book 26 Weeks #43 Chance The Rapper ft. Lil Wayne & 2 Chainz No Problem
65%
No. 6 Collaborations Project 10 Weeks #25 Ed Sheeran ft. Chance The Rapper & PnB Rock Cross Me
60%
PTSD 5 Weeks #38 G Herbo ft. Chance The Rapper, Juice WRLD & Lil Uzi Vert PTSD
60%
Journals 3 Weeks #41 Justin Bieber ft. Chance The Rapper Confident
55%
Invasion of Privacy 3 Weeks #39 Cardi B ft. Chance The Rapper Best Life
45%
Mr. Wonderful 1 Week #91 Action Bronson ft. Chance The Rapper Baby Blue
40%
Coloring Book 1 Week #93 Chance The Rapper ft. Ty Dolla $ign Blessings
40%
KIRK 1 Week #55 DaBaby ft. Chance The Rapper, Gucci Mane & YK Osiris GOSPEL
35%
The Big Day 1 Week #94 Chance The Rapper ft. John Legend All Day Long
30%
The Big Day 1 Week #95 Chance The Rapper ft. Death Cab For Cutie Do You Remember
25%
Non-Album Single 1 Week #60 Chance The Rapper I Might Need Security
25%
No matching quizzes found
Score Distribution
Percent of People with Each Score
Percentile by Number Answered
Your Score History
You have not taken this quiz since the last reset